00471 2200193 4500001002100000005001500021008004100036020001800077035001900095041000600114082000800120090001400128100001300142245004600155260002600201300002900227500000600256650001500262INLIS00000000000587120241224113201241224||||||||| | ||| |||| ||  a979-543-162-5 0010-1224005871 a00 a004 a004 DAR k0 adaryanto00aKeterampilan Dasar Pengoperasian Komputer bcv. Yrama widyac2006 a400 hlm.; Ilus.: 19,5 cm a5 0aPemograman